Wird geladen...
Report on an enquiry into family budgets of Industrial workers in Ajmer /
| Körperschaft: | |
|---|---|
| Weitere Verfasser: | |
| Sprache: | Undetermined |
| Veröffentlicht: |
1946
|
| LEADER | 00522nam a2200133Ia 4500 | ||
|---|---|---|---|
| 001 | 108310 | ||
| 008 | 170722s9999 xx 000 0 und d | ||
| 110 | |a India Labour, Ministry Of- Labour Bureau | ||
| 245 | |a Report on an enquiry into family budgets of Industrial workers in Ajmer / | ||
| 260 | |c 1946 | ||
| 700 | |a India, Labour, Ministry Of- La | ||
| 942 | |c GEN | ||
| 999 | |c 19970 |d 19970 | ||
| 952 | |0 0 |1 0 |4 0 |6 X_8A9_23737_000000000000000_N4T4_H6_GP |7 0 |9 23615 |a LIB |b LIB |d 2017-08-12 |o X8(A):9.23737.N4t4 H6 (GP) |p 54033 |r 2017-08-12 |w 2017-08-12 |y GEN | ||